000 00696nam a22001937a 4500
005 20251108173429.0
008 250721s2005 xx 000 0 ara d
082 1 4 _aم/388.91005/لجن
245 1 0 _aقائمة المطبوعات الإسكوا /
264 1 _aNEW YORK :
_bالإسكوا،
_c2005.
300 _a108ص.
650 1 7 _aاللجنه الاقتصاديه والاجتماعيه لغربي آسيا
650 1 7 _aالمجلس الاقتصادي والاجتماعي
650 1 7 _aالبلدان العربيه
650 1 7 _aالدوريات
710 2 _aاللجنة الاقتصادية والاجتماعية لغربي آسيا
942 _2ddc
_cREF
999 _c103722
_d103722